[Event "Regensburg Donau Cup"]
[Site "Regensburg"]
[Date "2017.05.26"]
[Round "4"]
[White "Brack, Andre"]
[Black "Haselbeck, Franz"]
[Result "0-1"]
[WhiteElo "1635"]
[BlackElo "1895"]
[PlyCount "92"]
[EventDate "2017.05.24"]
[EventType "swiss"]
[EventRounds "7"]
[EventCountry "GER"]
[SourceTitle "CBM 178 Extra"]
[Source "ChessBase"]
[SourceDate "2017.06.22"]
[SourceVersion "1"]
[SourceVersionDate "2017.06.22"]
[SourceQuality "1"]

1. d4 Nf6 2. Nf3 c5 3. c3 e6 4. Bg5 cxd4 5. cxd4 Be7 6. e3 0-0 7. Bd3 d5 8. 0-0 Nc6 9. a3 Bd7 10. Nbd2 Rc8 11. Rc1 h6 12. Bh4 Nh5 13. Bxe7 Qxe7 14. b4 Nf6 15. Nb3 Nb8 16. Nc5 b6 17. Nxd7 Nfxd7 18. Qa4 Nf6 19. Ne5 Ne4 20. f3 Nd6 21. b5 Nf5 22. Rce1 Rc3 23. g4 Rxa3 24. Qc2 Nd6 25. Ra1 Rxa1 26. Rxa1 Rc8 27. Nc6 Nxc6 28. bxc6 Nc4 29. e4 Rxc6 30. Qa4 Rc7 31. Bxc4 Rxc4 32. Qxa7 Qxa7 33. Rxa7 Rxd4 34. exd5 Rxd5 35. Kf2 g5 36. Rb7 Rd2+ 37. Kg3 Rb2 38. h4 b5 39. Rb8+ Kg7 40. Rb6 Rb4 41. Rc6 gxh4+ 42. Kxh4 Rb1 43. f4 b4 44. f5 exf5 45. gxf5 b3 46. Kh5 Rh1+ 0-1

[Event "Wittelsbach op 1st"]
[Site "Kelheim"]
[Date "2012.12.29"]
[Round "6"]
[White "Kunz, Konstantin"]
[Black "Brack, Andre"]
[Result "1-0"]
[WhiteElo "2228"]
[BlackElo "1818"]
[PlyCount "59"]
[EventDate "2012.12.26"]
[EventType "swiss"]
[EventRounds "7"]
[EventCountry "GER"]
[SourceTitle "EXT 2014"]
[Source "ChessBase"]
[SourceDate "2013.11.20"]
[SourceVersion "1"]
[SourceVersionDate "2013.11.20"]
[SourceQuality "1"]

1. d4 d5 2. c4 c6 3. Nf3 Nf6 4. e3 g6 5. h3 Bg7 6. Nc3 e6 7. Bd3 Na6 8. 0-0 Nc7 9. b3 Qe7 10. a4 b6 11. e4 0-0 12. Ba3 c5 13. Qe2 Re8 14. Rad1 Bf8 15. Rfe1 Bb7 16. exd5 exd5 17. Qc2 Qd6 18. Rxe8 Rxe8 19. dxc5 bxc5 20. cxd5 Bxd5 21. Nxd5 Nfxd5 22. Bc4 Qc6 23. Bb2 Bg7 24. Ng5 Bxb2 25. Qxb2 Re7 26. f3 h6 27. Ne4 f5 28. Rxd5 Ne6 29. Rd8+ Kf7 30. Qf6# 1-0

[Event "Nittenau-ch 12th"]
[Site "Nittenau"]
[Date "2012.09.15"]
[Round "2"]
[White "Riedl, Maximilian"]
[Black "Brack, Andre"]
[Result "1-0"]
[WhiteElo "1854"]
[BlackElo "1581"]
[PlyCount "83"]
[EventDate "2012.09.14"]
[EventType "swiss"]
[EventRounds "5"]
[EventCountry "GER"]
[SourceTitle "EXT 2022"]
[Source "ChessBase"]
[SourceDate "2021.10.06"]
[SourceVersion "1"]
[SourceVersionDate "2021.10.06"]
[SourceQuality "1"]

1. d4 d5 2. Nf3 Nf6 3. e3 Bg4 4. c4 c6 5. Qb3 Qc7 6. cxd5 Bxf3 7. gxf3 cxd5 8. Nc3 e6 9. Bd2 Nc6 10. Rc1 a6 11. Bd3 Be7 12. h4 h6 13. Ne2 Qd7 14. Bc3 b5 15. a3 0-0 16. e4 Rfb8 17. e5 Nh7 18. Bd2 Bf8 19. Qc2 Rc8 20. Bxh7+ Kh8 21. Qb1 g6 22. Bxg6 fxg6 23. Qxg6 Ne7 24. Qf7 Rxc1+ 25. Bxc1 Qe8 26. Qxe6 Rc8 27. h5 Rc6 28. Qg4 Qf7 29. Rg1 Qf5 30. Qxf5 Nxf5 31. Kd1 a5 32. Rg4 Be7 33. Nc3 b4 34. axb4 axb4 35. Nxd5 Bd8 36. Nxb4 Rc4 37. d5 Rc5 38. Be3 Nxe3+ 39. fxe3 Ba5 40. d6 Bxb4 41. Rxb4 Rxe5 42. d7 1-0

[Event "Oberpfalz-ch M3"]
[Site "Kareth Lappersdorf"]
[Date "2008.03.15"]
[Round "2"]
[White "Brack, Andre"]
[Black "Blodig, Constantin"]
[Result "0-1"]
[WhiteElo "1191"]
[BlackElo "1414"]
[PlyCount "106"]
[EventDate "2008.03.15"]
[EventType "swiss"]
[EventRounds "8"]
[EventCountry "GER"]
[SourceTitle "EXT 2022"]
[Source "ChessBase"]
[SourceDate "2021.10.06"]
[SourceVersion "1"]
[SourceVersionDate "2021.10.06"]
[SourceQuality "1"]

1. d4 Nf6 2. Nf3 e6 3. Bg5 Be7 4. e3 h6 5. Bh4 b6 6. Bd3 Bb7 7. Nbd2 0-0 8. 0-0 d5 9. c4 c5 10. cxd5 exd5 11. dxc5 Bxc5 12. Rc1 Nbd7 13. Nb3 Rc8 14. Bf5 Be7 15. Rxc8 Bxc8 16. Qd4 Ne4 17. Bxe7 Qxe7 18. Rc1 Ndc5 19. Nxc5 Bxf5 20. Qxd5 Nxc5 21. Qxf5 g6 22. Qe5 Qxe5 23. Nxe5 Re8 24. Nc6 a6 25. Rd1 Kf8 26. b3 Rc8 27. Rd8+ Rxd8 28. Nxd8 Nd3 29. Nc6 Nc1 30. Nb8 Nxa2 31. Nxa6 Nc1 32. b4 Ke7 33. f4 Kd6 34. e4 Ne2+ 35. Kf2 Nxf4 36. g3 Ne6 37. Ke3 Kc6 38. Nb8+ Kb5 39. Nd7 Nd8 40. Kd3 Nc6 41. Kc3 Nxb4 42. Nxb6 Na2+ 43. Kb2 Kxb6 44. Kxa2 Kc5 45. Kb2 Kd4 46. Kc2 Kxe4 47. Kd2 Kf3 48. Kd3 Kg2 49. Ke3 Kxh2 50. Kf3 g5 51. Kg4 Kg2 52. Kh5 Kxg3 53. Kxh6 g4 0-1

[Event "Nittenau-ch 5th"]
[Site "Nittenau"]
[Date "2005.09.04"]
[Round "7"]
[White "Brack, Andre"]
[Black "Pernpeintner, Simon"]
[Result "1/2-1/2"]
[WhiteElo "1095"]
[BlackElo "1336"]
[PlyCount "77"]
[EventDate "2005.09.01"]
[EventType "swiss"]
[EventRounds "7"]
[EventCountry "GER"]
[SourceTitle "EXT 2008"]
[Source "ChessBase"]
[SourceDate "2007.11.25"]
[SourceVersion "1"]
[SourceVersionDate "2007.11.25"]
[SourceQuality "1"]

1. d4 d5 2. c4 c6 3. Nc3 e6 4. Nf3 Nf6 5. Bg5 h6 6. Bh4 Nbd7 7. e3 Be7 8. Bd3 0-0 9. 0-0 c5 10. cxd5 exd5 11. Qc2 c4 12. Bf5 Re8 13. Ne5 Nxe5 14. Bxc8 Rxc8 15. dxe5 Ng4 16. Bg3 Bc5 17. Qf5 Qg5 18. Qxg5 hxg5 19. Rad1 Nxe5 20. Rxd5 f6 21. Bxe5 Rxe5 22. Rxe5 fxe5 23. Ne4 Be7 24. Rd1 Rc7 25. Rc1 Rd7 26. g3 b5 27. a4 a6 28. axb5 axb5 29. Kg2 Kf7 30. Kf3 Kg6 31. Kg4 Bf6 32. h4 gxh4 33. gxh4 Rf7 34. h5+ Kh6 35. Nd6 Rd7 36. Nf5+ Kh7 37. Rc2 g6 38. hxg6+ Kxg6 39. e4 1/2-1/2

[Event "Nittenau-ch 5th"]
[Site "Nittenau"]
[Date "2005.09.04"]
[Round "6"]
[White "Langguth, Stefan"]
[Black "Brack, Andre"]
[Result "1-0"]
[WhiteElo "1161"]
[BlackElo "1095"]
[PlyCount "69"]
[EventDate "2005.09.01"]
[EventType "swiss"]
[EventRounds "7"]
[EventCountry "GER"]
[SourceTitle "EXT 2008"]
[Source "ChessBase"]
[SourceDate "2007.11.25"]
[SourceVersion "1"]
[SourceVersionDate "2007.11.25"]
[SourceQuality "1"]

1. e4 c5 2. Nf3 Nc6 3. Bb5 d6 4. Nc3 Bd7 5. d3 e6 6. 0-0 Nge7 7. d4 a6 8. Bxc6 Nxc6 9. Re1 cxd4 10. Nxd4 Be7 11. Nxc6 Bxc6 12. Bf4 e5 13. Be3 0-0 14. Nd5 f5 15. f3 Bg5 16. Qd3 f4 17. Bb6 Qd7 18. Qc4 Bh4 19. Nf6+ Kh8 20. Nxd7 Bxd7 21. Red1 g5 22. Rxd6 Bc6 23. Rad1 g4 24. Bf2 g3 25. hxg3 Bxg3 26. Qe6 Rae8 27. Qb3 Rg8 28. Qb6 h5 29. Rh6+ Kg7 30. Rxh5 Rh8 31. Rxh8 Rxh8 32. Qc7+ Kf8 33. Rd8+ Be8 34. Rxe8+ Kxe8 35. Qxe5+ 1-0

[Event "Oberpfalz-ch M3"]
[Site "Regensburg"]
[Date "2004.04.06"]
[Round "7.30"]
[White "Muehlberger, Ottmar"]
[Black "Brack, Andre"]
[Result "1/2-1/2"]
[WhiteElo "837"]
[BlackElo "772"]
[PlyCount "58"]
[EventDate "2004.04.03"]
[EventType "swiss"]
[EventRounds "8"]
[EventCountry "GER"]
[SourceTitle "EXT 2022"]
[Source "ChessBase"]
[SourceDate "2021.10.06"]
[SourceVersion "1"]
[SourceVersionDate "2021.10.06"]
[SourceQuality "1"]

1. d4 d5 2. Nf3 Bg4 3. e3 e6 4. Be2 Bd6 5. c4 c6 6. Nc3 Nd7 7. Bd2 Ne7 8. cxd5 cxd5 9. a3 a6 10. b4 h6 11. e4 f6 12. Nh4 Bxe2 13. Qxe2 Nf8 14. exd5 e5 15. Nf3 Qc7 16. Rc1 Rc8 17. dxe5 Bxe5 18. Nxe5 Qxe5 19. Qxe5 fxe5 20. 0-0 Nfg6 21. d6 Nf5 22. Nd5 Rxc1 23. Rxc1 Nxd6 24. h4 h5 25. g3 0-0 26. Be3 Nf5 27. Bc5 Rc8 28. Be3 Rxc1+ 29. Bxc1 Nd4 1/2-1/2

[Event "Oberpfalz-ch M3"]
[Site "Regensburg"]
[Date "2004.04.03"]
[Round "2.24"]
[White "Langguth, Stefan"]
[Black "Brack, Andre"]
[Result "1-0"]
[WhiteElo "1102"]
[BlackElo "772"]
[PlyCount "31"]
[EventDate "2004.04.03"]
[EventType "swiss"]
[EventRounds "8"]
[EventCountry "GER"]
[SourceTitle "EXT 2022"]
[Source "ChessBase"]
[SourceDate "2021.10.06"]
[SourceVersion "1"]
[SourceVersionDate "2021.10.06"]
[SourceQuality "1"]

1. e4 d5 2. Nc3 dxe4 3. Nxe4 Bf5 4. Qe2 e6 5. c3 Qd5 6. d3 Qc6 7. g3 Bxe4 8. dxe4 Na6 9. Nf3 Bd6 10. Bg2 Nf6 11. Nd4 Qc5 12. Be3 Be7 13. Nxe6 Qa5 14. Nxg7+ Kf8 15. Bh6 Ne8 16. Ne6+ 1-0